[Event "71st ch-RUS HL 2018"]
[Site "Yaroslavl RUS"]
[Date "2018.06.27"]
[Round "2.13"]
[White "Zvjaginsev, Vadim"]
[Black "Ovetchkin, Roman"]
[Result "1-0"]
[WhiteTitle "GM"]
[BlackTitle "GM"]
[WhiteElo "2633"]
[BlackElo "2546"]
[WhiteFideId "4113403"]
[BlackFideId "4119991"]
[EventDate "2018.06.26"]

1. e4 c6 2. Nc3 d5 3. Nf3 Nf6 4. e5 Ne4 5. a4 Bg4 6. h3 Bxf3 7. Qxf3 Ng5 8. Qd1
d4 9. h4 Ne6 10. Ne4 Qd5 11. d3 Qxe5 12. Be2 f5 13. Ng5 Nxg5 14. Bxg5 e6 15. O-O
Be7 16. Re1 Qd6 17. Bxe7 Kxe7 18. c3 Nd7 19. a5 b5 20. axb6 axb6 21. Rc1 Rhc8
22. Bf1 Ra5 23. g3 Re5 24. Qa4 Rxe1 25. Rxe1 Ne5 26. Be2 c5 27. Rc1 Rd8 28. Qa7+
Rd7 29. Qa8 Kf6 30. Ra1 Rd8 31. Qb7 Qb8 32. Qxb8 Rxb8 33. cxd4 cxd4 34. Ra4 Rd8
35. f4 Nf7 36. Bf3 e5 37. Ra6 Rd6 38. Kf2 exf4 39. gxf4 Nd8 40. b4 Ne6 41. Kg3
Nc7 42. Ra7 Nd5 43. Bxd5 Rxd5 44. Rc7 Rd6 45. h5 Re6 46. Kf2 h6 47. Rd7 g5 48.
hxg6 Kxg6 49. Rxd4 Kh5 50. Kf3 Re1 51. Rd6 b5 52. Rf6 Rf1+ 53. Ke3 Re1+ 54. Kd2
Rf1 55. Rxf5+ Kg4 56. Rxb5 Rxf4 57. Rb8 h5 58. b5 h4 59. b6 Rf7 60. Ke3 Kg3 61.
Rg8+ Kh2 62. Kd4 Rd7+ 63. Kc4 h3 64. d4 Kh1 65. d5 h2 66. Rh8 Kg2 67. Kc5 Rd8
68. Rxh2+ Kxh2 69. b7 Kg3 70. Kc6 Kf4 71. d6 Ke5 72. Kc7 Rxd6 73. b8=Q Rd3 74.
Kc6+ Ke4 75. Qb4+ Ke3 76. Kc5 Kf3 77. Kc4 Re3 78. Qb7+ Kg3 79. Kd4 Ra3 80. Qb8+
Kh3 81. Qe8 Rg3 82. Qc8+ Kg2 83. Ke4 Rg7 84. Qc2+ Kh3 85. Qc3+ Rg3 86. Qc8+ Kg2
87. Qc6 Rf3 88. Qb7 Kf2 89. Qa8 Kg2 90. Qd5 Kf2 91. Qh5 Rc3 92. Qf5+ Kg2 93.
Qg5+ Rg3 94. Qd2+ Kh3 95. Qe1 Kg2 96. Qe2+ Kg1 97. Kf4 Rg8 98. Qa2 Rg2 99. Qa7+
Kh2 100. Qc7 Kg1 101. Qc5+ Kh2 102. Qe5 Rg3 103. Qh5+ Kg2 104. Qe2+ Kh3 105. Qe1 1-0

[Event "71st ch-RUS HL 2018"]
[Site "Yaroslavl RUS"]
[Date "2018.06.27"]
[Round "2.18"]
[White "Iskusnyh, Sergei"]
[Black "Turov, Maxim"]
[Result "0-1"]
[WhiteTitle "GM"]
[BlackTitle "GM"]
[WhiteElo "2473"]
[BlackElo "2600"]
[WhiteFideId "4120027"]
[BlackFideId "4120086"]
[EventDate "2018.06.26"]

1. d4 Nf6 2. c4 g6 3. g3 c5 4. dxc5 Qa5+ 5. Nc3 Qxc5 6. e4 d6 7. Be3 Qa5 8. Bg2
Nc6 9. Ne2 Ng4 10. Bf4 Be6 11. h3 Nf6 12. b3 Bg7 13. Bd2 O-O 14. Nd5 Qd8 15. O-O
Nd7 16. Rb1 a6 17. Nef4 Bxd5 18. Nxd5 Nc5 19. b4 Nd7 20. Be3 a5 21. a3 axb4 22.
axb4 e6 23. Nf4 Qc7 24. c5 dxc5 25. bxc5 Rfd8 26. Qc1 Bd4 27. Rb5 Ra1 28. Qxa1
Bxa1 29. Rxa1 Nde5 30. Ne2 Kg7 31. Rab1 Rd7 32. Bf4 h6 33. h4 Qd8 34. Nc3 g5 35.
hxg5 hxg5 36. Bxe5+ Nxe5 37. Rxb7 Rxb7 38. Rxb7 Qd2 39. Nb5 Ng4 0-1

[Event "71st ch-RUS HL 2018"]
[Site "Yaroslavl RUS"]
[Date "2018.06.27"]
[Round "2.22"]
[White "Alekseev, Evgeny"]
[Black "Bykov, Oleg"]
[Result "1-0"]
[WhiteTitle "GM"]
[WhiteElo "2627"]
[BlackElo "2375"]
[WhiteFideId "4138147"]
[BlackFideId "24198978"]
[EventDate "2018.06.26"]

1. c4 Nf6 2. Nc3 g6 3. g3 Bg7 4. Bg2 O-O 5. e4 c5 6. Nge2 Nc6 7. d3 d6 8. O-O a6
9. h3 Rb8 10. a4 Ne8 11. Be3 Nd4 12. Rb1 Nc7 13. b4 b6 14. bxc5 dxc5 15. f4
Nxe2+ 16. Nxe2 Ne6 17. e5 f6 18. exf6 Bxf6 19. f5 gxf5 20. Rxf5 Bb7 21. Bd5 Bxd5
22. Rxd5 Qc8 23. Kh2 Rd8 24. Nf4 Nxf4 25. Rxd8+ Qxd8 26. Bxf4 Rb7 27. a5 b5 28.
cxb5 Qxa5 29. Qb3+ Kg7 30. b6 e5 31. Be3 h6 32. h4 Bd8 33. Qd5 Rxb6 34. Qd7+ Kg6
35. h5+ 1-0

[Event "71st ch-RUS HL 2018"]
[Site "Yaroslavl RUS"]
[Date "2018.06.27"]
[Round "2.26"]
[White "Gogolev, Artem"]
[Black "Vavulin, Maksim"]
[Result "0-1"]
[WhiteTitle "IM"]
[BlackTitle "IM"]
[WhiteElo "2407"]
[BlackElo "2552"]
[WhiteFideId "4116615"]
[BlackFideId "4169530"]
[EventDate "2018.06.26"]

1. Nf3 d5 2. d4 Bf5 3. c4 e6 4. Nc3 Nf6 5. Bg5 c6 6. Qb3 Qb6 7. c5 Qc7 8. Bxf6
gxf6 9. Qd1 b6 10. b4 e5 11. e3 Rg8 12. Nh4 Be6 13. g3 Nd7 14. f4 bxc5 15. f5
cxd4 16. fxe6 Bxb4 17. exd7+ Qxd7 18. Rc1 Bxc3+ 19. Kf2 c5 20. Rxc3 dxc3 21. Qb3
c4 22. Qxc3 Rb8 23. Be2 Kf8 24. e4 dxe4 25. Rd1 Qh3 26. Kg1 Rg5 27. Bxc4 Qxh4
28. Rd7 Kg7 29. Bxf7 Rb1+ 30. Kg2 Qf4 31. Bh5+ Kh6 32. Be2 Qc1 33. Qa5 Qg1+ 34.
Kh3 Rxg3+ 0-1

[Event "71st ch-RUS HL 2018"]
[Site "Yaroslavl RUS"]
[Date "2018.06.27"]
[Round "2.27"]
[White "Sychev, Klementy"]
[Black "Girya, Olga"]
[Result "1-0"]
[WhiteTitle "IM"]
[BlackTitle "WGM"]
[WhiteElo "2527"]
[BlackElo "2457"]
[WhiteFideId "4114060"]
[BlackFideId "4195752"]
[EventDate "2018.06.26"]

1. g3 d5 2. Bg2 e5 3. c4 dxc4 4. Qa4+ c6 5. Qxc4 Be6 6. Qc2 Nf6 7. Nf3 Bd6 8.
O-O O-O 9. d4 Nbd7 10. Rd1 Qe7 11. dxe5 Nxe5 12. Nd4 Bc5 13. Nc3 Rad8 14. Nxe6
Rxd1+ 15. Nxd1 fxe6 16. e3 Nd5 17. Qe2 g5 18. h3 Qf6 19. Bd2 Nf3+ 20. Bxf3 Qxf3
21. Qxf3 Rxf3 22. Rc1 Be7 23. Kf1 Rf8 24. Ke2 Kf7 25. b3 Bf6 26. f3 Be5 27. Nf2
Nf6 28. Rg1 h6 29. Nd3 Bd6 30. Bb4 Bxb4 31. Nxb4 Nd5 32. Nd3 Ke7 33. Rc1 Rd8 34.
e4 Nf6 35. Ke3 Rc8 36. Rc2 Nd7 37. Rh2 c5 38. h4 c4 39. bxc4 Nb6 40. c5 Nd7 41.
hxg5 hxg5 42. Rh7+ Kd8 43. Rg7 Rc6 44. Rxd7+ Kxd7 45. Ne5+ 1-0

[Event "71st ch-RUS HL 2018"]
[Site "Yaroslavl RUS"]
[Date "2018.06.27"]
[Round "2.28"]
[White "Moiseenko, Vadim"]
[Black "Zakaryan, David"]
[Result "1-0"]
[WhiteTitle "GM"]
[BlackTitle "FM"]
[WhiteElo "2517"]
[BlackElo "2387"]
[WhiteFideId "4123700"]
[BlackFideId "24101923"]
[EventDate "2018.06.26"]

1. d4 Nf6 2. c4 c5 3. d5 b5 4. cxb5 a6 5. Nc3 axb5 6. e4 b4 7. Nb5 d6 8. Nf3 g6
9. e5 dxe5 10. Nxe5 Bg7 11. d6 O-O 12. Be3 exd6 13. Nxd6 Ne8 14. Ndc4 Nd6 15.
Be2 Nxc4 16. Nxc4 Qxd1+ 17. Rxd1 Bd4 18. Bxd4 cxd4 19. Ra1 Be6 20. Kd2 Nc6 21.
Rhc1 Na5 22. Bd3 Rfc8 23. Nb6 Rxc1 24. Rxc1 Rb8 25. Rc5 Rxb6 26. Rxa5 Kg7 27. b3
h5 28. h4 Kf6 29. Be4 Bc8 30. Kd3 Rd6 31. Bd5 Be6 32. Kxd4 Bxd5 33. Rxd5 Ra6 34.
Rb5 Rxa2 35. Ke3 Rb2 36. Rxb4 Kf5 37. g3 Ke5 38. Re4+ Kd5 39. Rd4+ Ke5 40. Rd3
f6 41. f4+ Kf5 42. Kd4 Rb1 43. Kc4 Kg4 44. b4 g5 45. fxg5 fxg5 46. hxg5 Kxg5 47.
b5 Kg4 48. Rb3 Rc1+ 49. Kb4 Rc8 50. b6 Rb8 51. Kb5 Rh8 1-0

[Event "71st ch-RUS HL 2018"]
[Site "Yaroslavl RUS"]
[Date "2018.06.27"]
[Round "2.29"]
[White "Triapishko, Alexandr"]
[Black "Okrugin, Sergey"]
[Result "1-0"]
[WhiteTitle "IM"]
[BlackTitle "IM"]
[WhiteElo "2513"]
[BlackElo "2334"]
[WhiteFideId "14122286"]
[BlackFideId "4125339"]
[EventDate "2018.06.26"]

1. Nf3 Nf6 2. g3 d5 3. Bg2 c6 4. O-O Bg4 5. c4 e6 6. cxd5 exd5 7. d3 Be7 8. Nc3
O-O 9. h3 Bxf3 10. Bxf3 Nbd7 11. Bg2 Re8 12. Qc2 h6 13. e4 dxe4 14. dxe4 Bb4 15.
f4 Qb6+ 16. Kh2 Bxc3 17. bxc3 Qc5 18. Re1 Qc4 19. Bf1 Qe6 20. e5 Nd5 21. Ba3
N7b6 22. f5 Qc8 23. Bd6 Nd7 24. c4 N5b6 25. Rad1 Nf8 26. h4 Nh7 27. g4 Qd8 28.
Kg3 Nc8 29. c5 Ne7 30. Bc4 Nd5 31. Rxd5 cxd5 32. Bxd5 Qa5 33. Bxf7+ Kh8 34. Re3
Red8 35. g5 Rac8 36. g6 Rxd6 37. exd6 Nf6 38. Re5 Qb4 39. Qe2 Qd4 40. d7 Qxd7
41. Be6 Qc7 42. Bxc8 Qxc8 43. Re6 Ng8 44. Qe5 Qd7 45. Rd6 Qc7 46. Kf3 Qc8 47.
Qd5 1-0

[Event "71st ch-RUS HL 2018"]
[Site "Yaroslavl RUS"]
[Date "2018.06.28"]
[Round "3.2"]
[White "Volkov, Sergey"]
[Black "Inarkiev, Ernesto"]
[Result "0-1"]
[WhiteTitle "GM"]
[BlackTitle "GM"]
[WhiteElo "2580"]
[BlackElo "2684"]
[WhiteFideId "4122763"]
[BlackFideId "4162722"]
[EventDate "2018.06.26"]

1. d4 Nf6 2. c4 e6 3. Nc3 Bb4 4. f3 c5 5. a3 Bxc3+ 6. bxc3 d6 7. e4 Nc6 8. Bd3
cxd4 9. Bb2 dxc3 10. Bxc3 O-O 11. Ne2 Nd7 12. f4 b6 13. Ng3 Qe7 14. O-O Nc5 15.
Rf3 f6 16. Nf1 Bb7 17. Bc2 Rad8 18. Rh3 e5 19. Ne3 Qe8 20. Qg4 Qg6 21. Qh4 exf4
22. Nf5 Ne6 23. e5 dxe5 24. Ne7+ Nxe7 25. Bxg6 Nxg6 26. Qxh7+ Kf7 27. Rh6 Be4
28. Rxg6 Bxg6 29. Qh4 Rd3 30. Qe1 Rc8 31. Rc1 f3 32. gxf3 Ng5 33. Qe2 Nxf3+ 34.
Kf1 Rh8 0-1

[Event "71st ch-RUS HL 2018"]
[Site "Yaroslavl RUS"]
[Date "2018.06.28"]
[Round "3.3"]
[White "Turov, Maxim"]
[Black "Najer, Evgeniy"]
[Result "1/2-1/2"]
[WhiteTitle "GM"]
[BlackTitle "GM"]
[WhiteElo "2600"]
[BlackElo "2668"]
[WhiteFideId "4120086"]
[BlackFideId "4118987"]
[EventDate "2018.06.26"]

1. d4 Nf6 2. c4 e6 3. Nf3 d5 4. Nc3 c6 5. cxd5 exd5 6. Qc2 Bg4 7. Bg5 Be7 8. e3
Bxf3 9. gxf3 Nbd7 10. O-O-O Nh5 11. Bxe7 Qxe7 12. Ne2 g6 13. Kb1 Qh4 14. Ng3 Ng7
15. Qb3 Rb8 16. Qa3 a6 17. Bg2 Qe7 18. Qxe7+ Kxe7 19. h4 Nf6 20. Bh3 Rhe8 21.
Ne2 Kf8 22. Nf4 Re7 23. Rc1 Nge8 24. Rhg1 Nd6 25. h5 Kg7 26. Bf1 Rg8 27. Bd3 Kf8
28. hxg6 hxg6 29. Rh1 Re8 30. Rce1 Kg7 31. Kc2 Rh8 32. Reg1 Rxh1 33. Rxh1 Rh8
34. Rxh8 Kxh8 35. Kc3 Kg7 36. Kb4 Kf8 37. Bf1 Ke7 38. Bh3 Kd8 39. b3 Nh7 40. Ne2
Ng5 41. Bg2 Nf5 42. f4 1/2-1/2

[Event "71st ch-RUS HL 2018"]
[Site "Yaroslavl RUS"]
[Date "2018.06.28"]
[Round "3.4"]
[White "Sjugirov, Sanan"]
[Black "Pridorozhni, Aleksei"]
[Result "1-0"]
[WhiteTitle "GM"]
[BlackTitle "GM"]
[WhiteElo "2663"]
[BlackElo "2589"]
[WhiteFideId "4189302"]
[BlackFideId "4127870"]
[EventDate "2018.06.26"]

1. e4 e5 2. Nf3 Nc6 3. Bb5 Nf6 4. d3 Bc5 5. Bxc6 dxc6 6. Nbd2 O-O 7. Qe2 Bg4 8.
h3 Bxf3 9. Nxf3 Nd7 10. h4 Re8 11. Bg5 f6 12. Bd2 Nf8 13. g4 Ne6 14. O-O-O Be7
15. Rdg1 c5 16. g5 Rf8 17. Rh3 Qd6 18. Rhg3 b5 19. Kb1 a5 20. gxf6 Bxf6 21. Bg5
a4 22. Bxf6 Rxf6 23. d4 cxd4 24. Qxb5 Raf8 25. Nxe5 Rxf2 26. a3 Kh8 27. Rg4 Qb6
28. Qc4 Rb8 29. Nd3 Rf3 30. R4g2 c5 31. Qxa4 Qb7 32. Ka2 Qxe4 33. Qd7 Rg8 34. h5
Rf6 35. b3 Qe3 36. Re1 Qh6 37. Re5 c4 38. bxc4 Nf4 39. Re8 Ne6 40. Ne5 Nf8 41.
Nf7+ 1-0

[Event "71st ch-RUS HL 2018"]
[Site "Yaroslavl RUS"]
[Date "2018.06.28"]
[Round "3.5"]
[White "Sviridov, Valery"]
[Black "Motylev, Alexander"]
[Result "0-1"]
[BlackTitle "GM"]
[WhiteElo "2513"]
[BlackElo "2659"]
[WhiteFideId "4120680"]
[BlackFideId "4121830"]
[EventDate "2018.06.26"]

1. b3 e5 2. Bb2 Nc6 3. e3 Nf6 4. c4 d5 5. cxd5 Nxd5 6. a3 Bd6 7. d3 O-O 8. Nf3
Qe7 9. b4 a5 10. b5 Na7 11. d4 e4 12. Ne5 Be6 13. Nd2 f6 14. Nec4 f5 15. Nxd6
cxd6 16. g3 f4 17. exf4 e3 18. Nf3 Rae8 19. Be2 Bh3 20. Bc1 exf2+ 21. Kxf2 Nc3
22. Qb3+ Kh8 23. Bd3 Qe2+ 0-1

[Event "71st ch-RUS HL 2018"]
[Site "Yaroslavl RUS"]
[Date "2018.06.28"]
[Round "3.6"]
[White "Potkin, Vladimir"]
[Black "Zvjaginsev, Vadim"]
[Result "1/2-1/2"]
[WhiteTitle "GM"]
[BlackTitle "GM"]
[WhiteElo "2592"]
[BlackElo "2633"]
[WhiteFideId "4131061"]
[BlackFideId "4113403"]
[EventDate "2018.06.26"]

1. c4 c5 2. Nf3 Nf6 3. Nc3 e6 4. g3 d5 5. cxd5 Nxd5 6. Bg2 Nc6 7. O-O Qb6 8. b3
Be7 9. Bb2 Nxc3 10. dxc3 O-O 11. e4 e5 12. Nd2 Be6 13. Qc2 Rfd8 14. Rfd1 Bg5 15.
Nf3 Be7 16. Nd2 Bg5 17. Nf3 Be7 18. Nd2 Bg5 19. Nf3 1/2-1/2

[Event "71st ch-RUS HL 2018"]
[Site "Yaroslavl RUS"]
[Date "2018.06.28"]
[Round "3.8"]
[White "Rakhmanov, Aleksandr"]
[Black "Sakaev, Konstantin"]
[Result "1/2-1/2"]
[WhiteTitle "GM"]
[BlackTitle "GM"]
[WhiteElo "2627"]
[BlackElo "2580"]
[WhiteFideId "4173708"]
[BlackFideId "4104226"]
[EventDate "2018.06.26"]

1. Nf3 d5 2. g3 Nf6 3. Bg2 c5 4. b3 Nc6 5. Bb2 d4 6. c3 e5 7. cxd4 cxd4 8. O-O
Be7 9. e3 Bg4 10. h3 Bh5 11. g4 Bg6 12. Na3 O-O 13. Nc4 Bd3 14. Nfxe5 Nxe5 15.
Nxe5 Bxf1 16. Qxf1 Nd7 17. Nxd7 Qxd7 18. Bxd4 Bf6 19. Bxf6 gxf6 20. Qe2 Rac8 21.
Be4 Rc7 22. Bf5 Qd6 23. d4 Kg7 24. Rd1 Re8 25. Qd2 h6 26. e4 b5 27. h4 b4 28. g5
hxg5 29. hxg5 Rg8 30. Kf1 Qh2 31. d5 Rc3 32. Qd4 Qh1+ 33. Ke2 Qh5+ 34. Kf1 Qh1+
35. Ke2 Qh5+ 36. Kf1 Qxg5 37. Qxb4 Rc2 38. Rd3 Rh8 39. Bh3 Rc1+ 40. Ke2 Rc2+ 41.
Kf1 a5 42. Qxa5 Rc1+ 43. Ke2 Rc2+ 44. Kf1 Rc1+ 45. Ke2 Rc2+ 1/2-1/2

[Event "71st ch-RUS HL 2018"]
[Site "Yaroslavl RUS"]
[Date "2018.06.28"]
[Round "3.9"]
[White "Alekseenko, Kirill"]
[Black "Sarana, Alexey"]
[Result "0-1"]
[WhiteTitle "GM"]
[BlackTitle "GM"]
[WhiteElo "2621"]
[BlackElo "2573"]
[WhiteFideId "4135539"]
[BlackFideId "24133795"]
[EventDate "2018.06.26"]

1. e4 c5 2. Nf3 d6 3. d4 cxd4 4. Nxd4 Nf6 5. Nc3 a6 6. Be2 e5 7. Nb3 Be7 8. O-O
O-O 9. Re1 Be6 10. Bf3 Nbd7 11. a4 Qb8 12. h3 Rc8 13. Nd2 Bd8 14. Nf1 Bb6 15. a5
Bd4 16. Nd5 Bxd5 17. exd5 b5 18. c3 Ba7 19. Bd2 Qc7 20. g4 Nc5 21. g5 Nfd7 22.
Qc2 f5 23. b4 Na4 24. Qxf5 Rf8 25. Qg4 Nb2 26. Re2 Nd3 27. Nh2 e4 28. Qxe4 N7e5
29. Rf1 Qf7 30. Bg4 Nxf2 31. Rexf2 Bxf2+ 32. Kg2 Nxg4 33. Nxg4 Rae8 34. Qd3 Re3
35. Bxe3 Qf3+ 36. Kh2 Qg3+ 37. Kh1 Qxh3+ 38. Nh2 Qxe3 39. Qc2 g6 40. c4 bxc4 41.
Qxc4 Qxg5 42. b5 axb5 43. Qxb5 Qe3 44. Qc4 h5 45. a6 Kg7 46. Qb4 Rf6 47. Qb7+
Kh6 48. Qb1 Qd4 49. Rd1 Qh4 50. Rd2 Be3 51. Rg2 Qd4 52. Nf1 Bg5 53. Nh2 Rf8 54.
Qb3 Rc8 55. Rg1 Be3 56. Rf1 Qe4+ 57. Nf3 Rc1 0-1

[Event "71st ch-RUS HL 2018"]
[Site "Yaroslavl RUS"]
[Date "2018.06.28"]
[Round "3.11"]
[White "Popov, Ivan RUS"]
[Black "Bimiev, Ahmad"]
[Result "1-0"]
[WhiteTitle "GM"]
[WhiteElo "2608"]
[BlackElo "2125"]
[WhiteFideId "4170350"]
[BlackFideId "24102938"]
[EventDate "2018.06.26"]

1. e4 c5 2. Nf3 d6 3. d4 cxd4 4. Nxd4 Nf6 5. Nc3 a6 6. h4 e5 7. Nb3 Be6 8. f4
exf4 9. Bxf4 Nc6 10. Qd2 d5 11. O-O-O Bb4 12. Bg5 Nxe4 13. Qe3 Nxg5 14. Nxd5 Bd6
15. Nb6 O-O 16. hxg5 Qc7 17. Nxa8 Rxa8 18. Kb1 Bf4 19. Qc5 b6 20. Qc3 Be5 21.
Qe1 Rc8 22. Bd3 a5 23. Bxh7+ Kf8 24. Be4 Nb4 25. Rh8+ Ke7 26. Rxc8 Qxc8 27. a3
Na6 28. Bb7 Qxb7 29. Qxe5 1-0

[Event "71st ch-RUS HL 2018"]
[Site "Yaroslavl RUS"]
[Date "2018.06.28"]
[Round "3.12"]
[White "Shaposhnikov, Evgeny"]
[Black "Matlakov, Maxim"]
[Result "1/2-1/2"]
[WhiteTitle "GM"]
[BlackTitle "GM"]
[WhiteElo "2572"]
[BlackElo "2699"]
[WhiteFideId "4122232"]
[BlackFideId "4168003"]
[EventDate "2018.06.26"]

1. Nf3 d5 2. d4 Nf6 3. c4 e6 4. e3 Be7 5. b3 O-O 6. Bb2 c5 7. dxc5 dxc4 8. Qxd8
Rxd8 9. Bxc4 Ne4 10. Nc3 Nxc5 11. O-O a6 12. b4 Ncd7 13. b5 Nb6 14. Be2 axb5 15.
Nxb5 Na4 16. Be5 Nc6 17. Bc7 Rd7 18. Rac1 Nc5 19. Bc4 Kf8 20. Ne5 Nxe5 21. Bxe5
Nd3 22. Nc7 Rxc7 23. Bxd3 Rxc1 24. Rxc1 Bd7 25. Be4 Rxa2 26. Bxb7 f6 27. Bc3 Kf7
28. Be4 h5 29. Ra1 Rxa1+ 30. Bxa1 h4 31. h3 f5 32. Bd3 Bf6 33. Bxf6 Kxf6 34. f4
e5 35. fxe5+ Kxe5 36. Kf2 g5 37. Be2 f4 38. exf4+ Kxf4 39. Bf1 g4 40. hxg4 Bxg4 1/2-1/2

[Event "71st ch-RUS HL 2018"]
[Site "Yaroslavl RUS"]
[Date "2018.06.28"]
[Round "3.13"]
[White "Vavulin, Maksim"]
[Black "Gordievsky, Dmitry"]
[Result "1/2-1/2"]
[WhiteTitle "IM"]
[BlackTitle "GM"]
[WhiteElo "2552"]
[BlackElo "2641"]
[WhiteFideId "4169530"]
[BlackFideId "24112798"]
[EventDate "2018.06.26"]

1. e4 c5 2. Nf3 e6 3. d4 cxd4 4. Nxd4 a6 5. Nc3 Qc7 6. Bd3 Nf6 7. g4 Bb4 8. Bd2
d5 9. Qe2 e5 10. Nxd5 Bxd2+ 11. Kxd2 Qa5+ 12. b4 Qd8 13. Nf5 Bxf5 14. Nxf6+ Qxf6
15. exf5 Nc6 16. Qe4 h5 17. f4 O-O-O 18. g5 Qd6 19. Rab1 exf4 20. b5 Rhe8 21.
Qa4 axb5 22. Rxb5 Kb8 23. Rhb1 Rd7 24. Rb6 Rc7 25. Ra6 Kc8 26. Ra8+ Kd7 27. Rxe8
Kxe8 28. Rf1 f3 29. h4 Kd8 30. Rxf3 Ne5 31. Rf4 Rd7 32. f6 gxf6 33. Rxf6 Qc5 34.
Rf4 b5 35. Qa5+ Kc8 36. Qa8+ Kc7 37. Qa5+ Kb7 38. Ke2 Nxd3 39. cxd3 Qe5+ 40. Re4
Qh2+ 41. Kd1 Rxd3+ 42. Kc1 Qg1+ 43. Qe1 Qc5+ 44. Kb1 Qd5 45. Re7+ Ka6 46. Qe4
Rd1+ 47. Kc2 Rd2+ 48. Kc1 1/2-1/2

[Event "71st ch-RUS HL 2018"]
[Site "Yaroslavl RUS"]
[Date "2018.06.28"]
[Round "3.14"]
[White "Paravyan, David"]
[Black "Moiseenko, Vadim"]
[Result "1-0"]
[WhiteTitle "GM"]
[BlackTitle "GM"]
[WhiteElo "2634"]
[BlackElo "2517"]
[WhiteFideId "4194985"]
[BlackFideId "4123700"]
[EventDate "2018.06.26"]

1. Nf3 Nf6 2. g3 g6 3. Bg2 Bg7 4. O-O O-O 5. d4 c6 6. Nbd2 d5 7. c3 Nbd7 8. Re1
c5 9. e3 b6 10. Qe2 Bb7 11. b3 Qc7 12. Bb2 e5 13. dxe5 Nxe5 14. c4 Nxf3+ 15.
Qxf3 Qe7 16. Rad1 Rad8 17. Bxf6 Bxf6 18. Nb1 Bb2 19. Qe2 Be5 20. Bxd5 Bc8 21.
Rd3 h5 22. Nd2 Kg7 23. f4 Bc7 24. Nf3 Bg4 25. e4 f6 26. Qf1 Qd7 27. e5 fxe5 28.
Nxe5 Bxe5 29. Rxe5 Rde8 30. Be6 Qxe6 31. Rxe6 Rxe6 32. h3 Bf5 33. Rd7+ Kh6 34.
Qa1 Rff6 35. Re7 Rxe7 36. Qxf6 Re8 37. g4 1-0

[Event "71st ch-RUS HL 2018"]
[Site "Yaroslavl RUS"]
[Date "2018.06.28"]
[Round "3.15"]
[White "Sychev, Klementy"]
[Black "Romanov, Evgeny"]
[Result "1-0"]
[WhiteTitle "IM"]
[BlackTitle "GM"]
[WhiteElo "2527"]
[BlackElo "2628"]
[WhiteFideId "4114060"]
[BlackFideId "4148843"]
[EventDate "2018.06.26"]

1. e4 c5 2. Nf3 Nf6 3. Nc3 d5 4. Bb5+ Bd7 5. e5 Bxb5 6. Nxb5 a6 7. Nc3 d4 8. Na4
Nfd7 9. e6 fxe6 10. Ng5 Qc7 11. Qe2 Nc6 12. Nxe6 Qd6 13. d3 Nce5 14. Qh5+ g6 15.
Qh3 b5 16. f4 Nf7 17. f5 bxa4 18. Bf4 Nde5 19. O-O gxf5 20. Qxf5 Bh6 21. Rae1
Bxf4 22. Rxf4 Rb8 23. Ng7+ Kd8 24. Ne6+ Ke8 25. Rfe4 Rb5 26. Rxe5 Nxe5 27. Rxe5
c4 28. Rxb5 axb5 29. Qxb5+ Kf7 30. Qf5+ Ke8 31. Qb5+ Kf7 32. Qf5+ Ke8 33. Ng7+
Kd8 34. Qa5+ Kd7 35. Qxa4+ Qc6 36. Qa7+ Kc8 37. Nf5 Qe6 38. Qa8+ Kc7 39. Qa7+
Kc8 40. Nxe7+ Kd8 41. Nc6+ Ke8 42. Qb8+ Kf7 43. Ne5+ Kg7 44. Qc7+ Kf6 45. Nd7+
Kg6 46. Qg3+ Kh5 47. Ne5 cxd3 48. Qf4 Rg8 49. cxd3 1-0

[Event "71st ch-RUS HL 2018"]
[Site "Yaroslavl RUS"]
[Date "2018.06.28"]
[Round "3.16"]
[White "Lobanov, Sergei"]
[Black "Alekseev, Evgeny"]
[Result "1/2-1/2"]
[WhiteTitle "IM"]
[BlackTitle "GM"]
[WhiteElo "2521"]
[BlackElo "2627"]
[WhiteFideId "24183750"]
[BlackFideId "4138147"]
[EventDate "2018.06.26"]

1. e4 c5 2. Nf3 e6 3. d4 cxd4 4. Nxd4 a6 5. Nc3 d6 6. Be2 Nf6 7. O-O Be7 8. f4
O-O 9. Be3 Nc6 10. Qe1 Nxd4 11. Bxd4 b5 12. Rd1 Qc7 13. e5 dxe5 14. fxe5 Nd7 15.
Ne4 Bb7 16. Nf6+ Nxf6 17. exf6 gxf6 18. Qh4 f5 19. Bf6 Bxf6 20. Qxf6 Rad8 21.
Qg5+ Kh8 22. Qf6+ Kg8 23. Qg5+ Kh8 24. Qf6+ Kg8 25. Qg5+ 1/2-1/2

[Event "71st ch-RUS HL 2018"]
[Site "Yaroslavl RUS"]
[Date "2018.06.28"]
[Round "3.17"]
[White "Oganian, Miran"]
[Black "Ponkratov, Pavel"]
[Result "0-1"]
[WhiteTitle "IM"]
[BlackTitle "GM"]
[WhiteElo "2432"]
[BlackElo "2622"]
[WhiteFideId "4122488"]
[BlackFideId "4157800"]
[EventDate "2018.06.26"]

1. d4 Nf6 2. c4 e6 3. g3 c5 4. d5 exd5 5. cxd5 d6 6. Nc3 g6 7. Nf3 Bg7 8. Bg2
O-O 9. O-O Re8 10. Bf4 Bf5 11. Nd2 Nh5 12. e4 Nxf4 13. gxf4 Bd7 14. Nc4 Bxc3 15.
bxc3 Bb5 16. Qb3 Bxc4 17. Qxc4 Nd7 18. Rab1 b6 19. Qd3 c4 20. Qxc4 Qf6 21. f5
gxf5 22. exf5 Rac8 23. Qa4 Qxf5 24. Rb4 Ne5 25. Qxa7 Kh8 26. f4 Nd3 27. Qxb6
Nxb4 28. Qd4+ f6 29. Qxb4 Re2 30. Rf3 Qc2 31. Bf1 Rxh2 0-1

[Event "71st ch-RUS HL 2018"]
[Site "Yaroslavl RUS"]
[Date "2018.06.28"]
[Round "3.21"]
[White "Dreev, Aleksey"]
[Black "Fakhrutdinov, Timur"]
[Result "1/2-1/2"]
[WhiteTitle "GM"]
[BlackTitle "FM"]
[WhiteElo "2657"]
[BlackElo "2460"]
[WhiteFideId "4100107"]
[BlackFideId "24176702"]
[EventDate "2018.06.26"]

1. d4 Nf6 2. Nf3 d5 3. c4 e6 4. Nc3 dxc4 5. e4 Bb4 6. Bxc4 Nxe4 7. O-O Nxc3 8.
bxc3 Bd6 9. Ng5 h6 10. Ne4 O-O 11. Qf3 Be7 12. Re1 Nd7 13. Bf4 Nb6 14. Bb3 Nd5
15. Be5 f6 16. Bf4 Nxf4 17. Qxf4 Bd6 18. Qf3 Kh8 19. Rad1 Qe7 20. Ng3 f5 21. Re2
c5 22. Nh5 cxd4 23. cxd4 Qh4 24. h3 Bd7 25. Bxe6 Ba4 26. Rdd2 Bc6 27. d5 Bb5 28.
Re1 Be8 29. Ng3 Bb4 30. Qd3 Qf4 31. Rdd1 Bxe1 32. Rxe1 Bf7 33. Qc3 Bg6 34. Ne2
Qd6 35. Nd4 f4 36. Nf3 Rad8 37. Ne5 Bh5 38. Re4 Rf6 39. Rb4 b6 40. Rc4 Rxe6 41.
dxe6 Qxe6 42. Rxf4 Re8 43. Re4 Qxa2 44. f4 Rd8 45. Kh2 Qd5 46. Rc4 Qd2 47. Qg3
Rd4 48. Rc8+ Kh7 49. f5 Qf4 50. Qxf4 Rxf4 51. g4 Re4 52. Nd7 Be8 53. Nf8+ Kg8
54. Ne6 Kf7 55. Rc7+ Kf6 56. Rxa7 g6 57. Rh7 h5 58. Nc7 hxg4 59. Nxe8+ Rxe8 60.
fxg6 Kxg6 1/2-1/2